Southville International School and Colleges
Your cart is empty.
  • Cart
  • Lists
    Public lists list_1 View all
    Your lists Log in to create your own lists
  • Log in to your account
  • Your cookies
  • Search history
Southville International School and Colleges
  • Advanced search
  • Recent comments
  • Most popular
  • Libraries

Log in to your account

Log in with GOOGLE


If you do not have an external account, but do have a local account, you can still log in:

  1. Home
  2. MARC view: The unorganised manager /
Normal view MARC view ISBD view

The unorganised manager / (Record no. 283805)

[ view plain ]
MARC details
000 -LEADER
fixed length control field 00441nam a22001577a 4500
003 - CONTROL NUMBER IDENTIFIER
control field PILC
005 - DATE AND TIME OF LATEST TRANSACTION
control field 20150320122744.0
008 - FIXED-LENGTH DATA ELEMENTS--GENERAL INFORMATION
fixed length control field 150320b xxu||||| |||| 00| 0 eng d
020 ## - INTERNATIONAL STANDARD BOOK NUMBER
International Standard Book Number 0906607361
050 ## - LIBRARY OF CONGRESS CALL NUMBER
Classification number HD 31
Item number .T564 1988
100 ## - MAIN ENTRY--PERSONAL NAME
Personal name Tietjen, Tina.
245 ## - TITLE STATEMENT
Title The unorganised manager /
Statement of responsibility, etc Tina Tietjen.
260 ## - PUBLICATION, DISTRIBUTION, ETC. (IMPRINT)
Place of publication, distribution, etc England :
Name of publisher, distributor, etc Video Arts Ltd.,
Date of publication, distribution, etc c1988.
300 ## - PHYSICAL DESCRIPTION
Extent 32 pages :
Other physical details colored illustrations ;
Dimensions 22 cm.
942 ## - ADDED ENTRY ELEMENTS (KOHA)
Source of classification or shelving scheme Library of Congress Classification
Koha item type Books
Holdings
Withdrawn status Lost status Source of classification or shelving scheme Damaged status Home library Current library Shelving location Date acquired Source of acquisition Total Checkouts Full call number Barcode Date last seen Price effective from Koha item type
    Library of Congress Classification   College Library College Library General Circulation Section 03/20/2015 Library Fund   HD 31 .T564 1988 C19236 05/15/2018 03/20/2015 Books

The unorganised manager /

APA

Tietjen T., . (1988). The unorganised manager. England: Video Arts Ltd.

Chicago

Tietjen Tina, . 1988. The unorganised manager. England: Video Arts Ltd.

Harvard

Tietjen T., . (1988). The unorganised manager. England: Video Arts Ltd.

MLA

Tietjen Tina, . The unorganised manager. England: Video Arts Ltd. 1988.

  • Place hold
  • Print
  • Cite
  • Add to your cart (remove)
  • Save record
    BIBTEX Dublin Core MARCXML MARC (non-Unicode/MARC-8) MARC (Unicode/UTF-8) MARC (Unicode/UTF-8, Standard) MODS (XML) RIS
  • More searches
    Search for this title in:
    Other Libraries (WorldCat) Other Databases (Google Scholar) Online Stores (Bookfinder.com) Open Library (openlibrary.org)

Exporting to Dublin Core...

SOUTHVILLE LIBRARY

Southville International School and Colleges Library

1281 Tropical Ave. Cor. Luxembourg St., BF Homes International, Las Pinas City

Tel. No. 8256374 / 252358 Loc. 117/146

Powered by Koha